006470000a22001810004500090001300000100002400013700003200037245015500069044001100224041001400235690002800249690003900277690001900316651004300335942001300378773005700391999001700448 aSERIADAS1 aRada, Marco91007141 aGuayasamin, Juan M.910071510aRedescripción de Cochranella megista (Rivero, 1985) y ampliación de la distribución de nueve ranas de cristal (Anura: Centrolenidae) en Colombia aBrasil0 aEspañol aRedescripción9100716 aDistribución geográfica992997 aAnuros9100647 4pColombialCordillera Occidental992749 cARTICULO1 tPapéis avulsos de zoologíah12q89-101d2008g48 c16384d16384